Alesso - Heroes (we could be) All lyrics - Statistics

General Stats
  • This quiz has been taken 13 times
  • The average score is 150 of 206
Answer Stats
Lyrics % Correct
be
100%
could
100%
hear
100%
heroes
100%
We
100%
we
100%
a
90%
and
90%
i
90%
I
90%
me
90%
you
90%
You
90%
do
80%
can
70%
go
70%
the
70%
we're
70%
Where
70%
where
70%
All
60%
are
60%
but
60%
for
60%
in
60%
know
60%
light
60%
now
60%
anything
50%
day
50%
different
50%
don't
50%
Every
50%
hide
50%
is
50%
little
50%
looking
50%
love
50%
Love
50%
of
50%
people
50%
secret
50%
that's
50%
them
50%
things
50%
away
40%
can't
40%
daylight
40%
it
40%
kind
40%
one
40%
They
40%
they
40%
understand
40%
empty
30%
out
30%
plain
30%
run
30%
streets
30%
sun
30%
undercover
30%
everyday
20%
Got
20%
got
20%
hands
20%
hours
20%
power
20%
see
20%
side
20%
wait
20%
world
20%
Anybody's
10%
cause
10%
our
10%
round
10%
Spinnin
10%
No matching quizzes found
Score Distribution
Percent of People with Each Score
Percentile by Number Answered
Your Score History
You have not taken this quiz